000 00230nam a22000857a 4500
008 160705b xxu||||| |||| 00| 0 eng d
100 _92077
_a Chauhan, C.P.S
245 _aModern Indian Education
260 _aNew Delhi
_b Kanishka
_c2004
999 _c1773
_d1773